| 000 | 01140na a2200325 4500 | ||
|---|---|---|---|
| 001 | 21876 | ||
| 003 | MIRAKIL | ||
| 005 | 20181213154817.0 | ||
| 008 | 170208b tu 000 0 | ||
| 035 | _a21876 | ||
| 040 |
_aMilas _btur _cTR-AnCHP |
||
| 041 | _atur | ||
| 082 |
_a353.04 _bH94 1997 |
||
| 090 | _a353.04 H94 1997 | ||
| 245 |
_aHükümet programı _bBaşbakan Mesut Yılmaz tarafından TBMM'ne sunulan 55'nci hükümet programı _b7 Temmuz 1997 _cMesut Yılmaz |
||
| 246 | _a55. hükümet programı | ||
| 260 |
_aAnkara _bBaşbakanlık Basımevi _c1997 |
||
| 300 |
_a69 s. _c22 sm. |
||
| 610 |
_aANAP-DSP-DTP Koalisyonu _xHükümet programı |
||
| 610 |
_aAnavatan Partisi (ANAP) _xHükümet programı |
||
| 610 |
_aDemokratik Sol Parti (DSP) _xKoalisyonlar |
||
| 610 |
_aDemokrat Türkiye Partisi (DTP) _xKoalisyonlar |
||
| 650 |
_aKoalisyon hükümeti _yProgramlar |
||
| 650 |
_aSiyaset ve yönetim _xHükümet programları, 1997 _zTürkiye |
||
| 650 |
_a55. Hükümet _yHükümet programı |
||
| 657 | _a55. hükümet programı | ||
| 700 | _aYılmaz, Mesut | ||
| 740 | _a55. Hükümet programı | ||
| 942 |
_2dcc _cBKS |
||
| 999 |
_c1267 _d1267 |
||